| 000 | 00782nam a22001337a 4500 | ||
|---|---|---|---|
| 040 | _cRUA | ||
| 082 | _aLMA NY 2015 B495 Or.1 | ||
| 100 | _aNY SIEM; នី សៀម | ||
| 245 | _aStudy on the situation of land tenure after land titling in traperng kong commune, samroang tong district, kampong speu province, សិក្សាពីស្ថានភាពនៃការកាន់កាប់ដីរបស់ប្រជាពលរដ្ឋក្រោយចុះបញ្ជី និងចេញប័ណ្ណកម្មសិទ្ទរួចនៅឃុំត្រពាំគង ស្រុកសំរោងទង ខេត្តកំពង់ស្ពឺ | ||
| 260 |
_aRUA _bNY _c2015 |
||
| 300 |
_ax,51p. _bill. _c29cm. |
||
| 856 | _u NY SIEM | ||
| 942 | _cLMA | ||
| 999 |
_c10451 _d10451 |
||